<?xml version="1.0" encoding="UTF-8"?>
<record
    xmlns:xsi="http://www.w3.org/2001/XMLSchema-instance"
    xsi:schemaLocation="http://www.loc.gov/MARC21/slim http://www.loc.gov/standards/marcxml/schema/MARC21slim.xsd"
    xmlns="http://www.loc.gov/MARC21/slim">

  <leader>01125nam a22002657a 4500</leader>
  <controlfield tag="005">20170124102943.0</controlfield>
  <datafield tag="010" ind1=" " ind2=" ">
    <subfield code="a">B-081679</subfield>
  </datafield>
  <datafield tag="020" ind1=" " ind2=" ">
    <subfield code="c">95.00</subfield>
    <subfield code="a">8126702079</subfield>
  </datafield>
  <datafield tag="035" ind1=" " ind2=" ">
    <subfield code="a">B-081679</subfield>
  </datafield>
  <datafield tag="037" ind1=" " ind2=" ">
    <subfield code="b">Cen Lib/Ret</subfield>
  </datafield>
  <datafield tag="040" ind1=" " ind2=" ">
    <subfield code="a">DPL</subfield>
    <subfield code="b">HN</subfield>
  </datafield>
  <datafield tag="082" ind1=" " ind2=" ">
    <subfield code="a">821</subfield>
    <subfield code="b">&#x938;&#x915;&#x94D;&#x938;&#x947;&#x928;&#x93E; </subfield>
  </datafield>
  <datafield tag="100" ind1=" " ind2=" ">
    <subfield code="a">&#x938;&#x915;&#x94D;&#x938;&#x947;&#x928;&#x93E; , &#x928;&#x930;&#x947;&#x936; </subfield>
    <subfield code="9">48938</subfield>
  </datafield>
  <datafield tag="245" ind1=" " ind2=" ">
    <subfield code="a">&#x938;&#x92E;&#x941;&#x928;&#x94D;&#x926;&#x94D;&#x930; &#x92A;&#x930; &#x939;&#x94B; &#x930;&#x939;&#x940; &#x939;&#x948; &#x92C;&#x93E;&#x930;&#x93F;&#x936;   /</subfield>
    <subfield code="c"> &#x928;&#x930;&#x947;&#x936;  &#x938;&#x915;&#x94D;&#x938;&#x947;&#x928;&#x93E; </subfield>
  </datafield>
  <datafield tag="246" ind1=" " ind2=" ">
    <subfield code="a">samundra per ho rahi hai barish </subfield>
    <subfield code="b">by Naresh Sxena </subfield>
  </datafield>
  <datafield tag="260" ind1=" " ind2=" ">
    <subfield code="a">&#x928;&#x908; &#x926;&#x93F;&#x932;&#x94D;&#x932;&#x940; </subfield>
    <subfield code="b">&#x930;&#x93E;&#x91C;&#x915;&#x92E;&#x932; &#x92A;&#x94D;&#x930;&#x915;&#x93E;&#x936;&#x928; </subfield>
    <subfield code="c">2001</subfield>
  </datafield>
  <datafield tag="270" ind1=" " ind2=" ">
    <subfield code="a">1-&#x92C;&#x940; , &#x928;&#x947;&#x924;&#x93E; &#x91C;&#x940; &#x938;&#x941;&#x92D;&#x93E;&#x937; &#x92E;&#x93E;&#x930;&#x94D;&#x917; &#x926;&#x930;&#x93F;&#x92F;&#x93E; &#x917;&#x902;&#x91C; </subfield>
    <subfield code="b">&#x928;&#x908; &#x926;&#x93F;&#x932;&#x94D;&#x932;&#x940; </subfield>
    <subfield code="e">110002</subfield>
  </datafield>
  <datafield tag="300" ind1=" " ind2=" ">
    <subfield code="a">93&#x92A;&#x943;&#x937;&#x94D;&#x920;.  </subfield>
    <subfield code="c">21&#x938;&#x947;&#x92E;&#x940;(&#x938;&#x91C;&#x93F;&#x932;&#x94D;&#x926;)</subfield>
  </datafield>
  <datafield tag="650" ind1=" " ind2=" ">
    <subfield code="a">&#x939;&#x93F;&#x902;&#x926;&#x940;  &#x938;&#x93E;&#x939;&#x93F;&#x924;&#x94D;&#x92F;  </subfield>
    <subfield code="9">48939</subfield>
  </datafield>
  <datafield tag="650" ind1=" " ind2=" ">
    <subfield code="a">&#x939;&#x93F;&#x902;&#x926;&#x940;  &#x915;&#x93E;&#x935;&#x94D;&#x92F; </subfield>
    <subfield code="9">48940</subfield>
  </datafield>
  <datafield tag="650" ind1=" " ind2=" ">
    <subfield code="a">Hindi Literature</subfield>
    <subfield code="9">48941</subfield>
  </datafield>
  <datafield tag="650" ind1=" " ind2=" ">
    <subfield code="a">hindi poetry </subfield>
    <subfield code="9">48942</subfield>
  </datafield>
  <datafield tag="700" ind1=" " ind2=" ">
    <subfield code="9">4358</subfield>
  </datafield>
  <datafield tag="942" ind1=" " ind2=" ">
    <subfield code="2">ddc</subfield>
    <subfield code="c">HN</subfield>
    <subfield code="h">821</subfield>
    <subfield code="m">&#x938;&#x915;&#x94D;&#x938;&#x947;&#x928;&#x93E; </subfield>
  </datafield>
  <datafield tag="999" ind1=" " ind2=" ">
    <subfield code="c">112730</subfield>
    <subfield code="d">112730</subfield>
  </datafield>
  <datafield tag="952" ind1=" " ind2=" ">
    <subfield code="0">0</subfield>
    <subfield code="1">0</subfield>
    <subfield code="4">0</subfield>
    <subfield code="7">0</subfield>
    <subfield code="a">L</subfield>
    <subfield code="b">L</subfield>
    <subfield code="d">2015-08-10</subfield>
    <subfield code="e">Cen Lib/Ret</subfield>
    <subfield code="g">95.00</subfield>
    <subfield code="l">1</subfield>
    <subfield code="o">821 &#x938;&#x915;&#x94D;&#x938;&#x947;&#x928;&#x93E;</subfield>
    <subfield code="p">B-081679</subfield>
    <subfield code="r">2020-01-13 00:00:00</subfield>
    <subfield code="s">2019-12-29</subfield>
    <subfield code="t">1</subfield>
    <subfield code="v">95.00</subfield>
    <subfield code="w">2015-08-10</subfield>
    <subfield code="y">HN</subfield>
  </datafield>
</record>
